00501nam a2200169Ia 4500003000500000005001700005008004100022020001800063050002000081100002200101245006000123260003200183300002400215500005000239650001500289650002700304SISC20181022084605.0181018s9999 xx 000 0 und d a9780965058308 aB 72b.W54 1998 aWilson, Edward O. aConsilience:bthe unity of knowledge/cEdward O. Wilson aUSA:bThorndike Pressc1998 a332 pages :c23 cm. aIncludes bibliographical references and index aPhilosophy aPhilosophy and science